000 00593nam a22001937a 4500
999 _c190905
_d190905
005 20220810144610.0
010 _aENG-134381
020 _a9789352535354
_c655.00
035 _aEN-117913
037 _bDBAD/PUB
082 _a000
100 _aAggarwal, R.S.
245 _aObjective General English/
_cR.S. Aggarwal and Vikas Aggarwal
260 _aNew Delhi
_bS Chand and Company Limited
_c2017
270 _a7361, Ram Nagar
_bNew Delhi
_e110055
_mhelpdesk@schandpublishing.com
300 _a716p.
_c24cm(pbk)
700 _aAggarwal, Vikas
942 _2ddc
_cEN
_h000
_mAGG